01859 2200349 4500001002100000005001500021035002000036007000300056008004100059020001800100082001400118084002000132100003200152245015000184250002000334300003900354700002600393700002600419502080800445600002001253600002301273264004301296336002101339337003001360338002301390990001601413990001601429990001601445990001601461990001601477990001601493INLIS00000000000028620260430020553 a0010-0426000285ta260430 b 0 ind  a9786231356314 a306.09598 a306.09598 MAT s0 aMatthew SenangsaePengarang1 aSerial ragam pesona Nusantara Bandung : berwisata kuliner bersama ayah ke Bandung /cMatthew Senangsa ; editor, Tim hikam ; ilustrator, Tim hikam aCetakan Pertama a32 halaman :bilustrasi ;c23,5 cm0 aTim hikamePenyunting0 aTim hikameIlustrator aDewasa ini kesadaran dari putra-putri komponen anak bangsa mulai terkikis dan teralihkan ke visual digital pesawat genggam, budaya dan alam Nusantara yang seharusnya dilestarikan dan dijaga, menunjukkan indikasi ke arah yang semakin menurun. Bangsa Indonesia merupakan negara dengan beragam budaya dan kekayaan alam, budaya-budaya lokal yang ada di Nusantara muncul dan eksis terlebih dulu, sedangkan budaya bangsa muncul setelahnya. Kekayaan budaya dan Alam Nusantara ini menjadi situs budaya leluhur yang bernilai tinggi dan wajib diwariskan ke setiap generasi Bangsa. Dengan demikian, sudah seharusnya sebagai generasi Bangsa wajib menjaga dan melestraikannya supaya Budaya dan Alam Nusantara tersebut menjadi situs turun temurun bagi Bangsa ini. semoga menginspirasi bagi kita semua, salam literasi. 4aMakanan Bandung 4aBacaan kanak-kanak aYogyakarta :bHikam Media Utama,c2023 2rdacontentaTeks 2rdamediaaTanpa Perantara 2rdacarrieraVolume aAT000528/25 aNM000599/25 aPT000879/25 aPP000949/25 aPP000951/25 aTT001098/25